00519 2200157 4500245004400000020002200044250001100066100002000077005001900097260002900116041001400145084000800159300002600167500015900193336000900352 aKisah untuk GericErisca FebrianihText a978-602-5713-85-9 aCet. 1 aErisca Febriani a20231004132922 aJakartabKataDepanc2019 aIndonesia a813 avi, 390 hlm. :c19 cm aSatu-satunya cara mengembalikan itu semua adalah dengan meminta geri menjadi pacarnya. Namun,dinda lupa,bersama geri berarti juga bersama luka dan kecewa. atext